| 000 | 00589nam a2200229Ia 4500 | ||
|---|---|---|---|
| 008 | 190123s9999 xx 000 0 und d | ||
| 020 | _a0439321670 | ||
| 050 | _bR848 2000 | ||
| 100 | _aRotner, Shelley | ||
| 245 | 0 | _aFeeling thankful / | |
| 245 | 0 | _cby Shelley Rotner and Sheila Kelly ; photographs by Shelley Rotner. | |
| 260 | _aNew York, New York : | ||
| 260 | _bScholastic, | ||
| 260 | _c2000 | ||
| 300 | _aunpaged : | ||
| 300 | _bcolored illustrations ; | ||
| 300 | _c22cm. | ||
| 500 | _a20L | ||
| 650 | _aGratitude. | ||
| 700 | _aKelly, Sheila. | ||
| 700 | _aTitle. | ||
| 999 |
_c360972 _d360972 |
||